000 00716nam a2200265Ia 4500
003 OSt
005 20221005031948.0
006 a|||||r|||| 00| 0
007 ta
008 221004b |||||||| |||| 00| 0 tam d
020 _c05
024 _a63649
037 _cTextual
040 _aCRL
_cCRL
_btam
041 _2tam
_atam
082 _aO142,3M68,4, 31J6;1
100 _aGorky Maxim Au.
_9184598
245 0 _aThaai
260 _aChennai
_bStar Publication India
_c1956
300 _a523p.
_ccm.
650 _aTAMIL LITERATURE
700 _a Ragunanthan Tr.
_9584568
942 _hO142,3M68,4, 31J6;1
_cTEXL
_2cc
999 _c938786
_d938786